| 000 | 00699cam a2200241 4500 | ||
|---|---|---|---|
| 008 | 090401t1997 xxu||||| |||| 00| 0 eng d | ||
| 020 | _a0727725696 | ||
| 035 | _a(Sirsi) u78001 | ||
| 041 | _aeng | ||
| 050 | _a658.8 | ||
| 100 | _aHoness, Steve | ||
| 245 | _aMarketing for construction firms | ||
| 260 |
_aLondon _bThomas Telford Publishing _c1997 |
||
| 300 | _a83p. ; 21cm. | ||
| 350 | _a19.5 | ||
| 520 | _aA basic guide providing a step by step approach to marketing for small to medium construction firms. | ||
| 650 |
_aCONSTRUCTION MANAGEMENT _96230 |
||
| 650 | _aMARKETING | ||
| 650 | _aPROFESSIONAL PRACTICE | ||
| 690 | _aBUILT ENVIRONMENT | ||
| 942 | _n0 | ||
| 948 | _c28/04/1997 | ||
| 999 |
_c96379 _d96379 |
||